LEADER 04294nam 2200673 a 450 001 9910457484803321 005 20200520144314.0 010 $a1-61811-037-3 024 7 $a10.1515/9781618110374 035 $a(CKB)2550000000061772 035 $a(EBL)3110390 035 $a(SSID)ssj0000565423 035 $a(PQKBManifestationID)12211935 035 $a(PQKBTitleCode)TC0000565423 035 $a(PQKBWorkID)10528744 035 $a(PQKB)11706049 035 $a(MiAaPQ)EBC3110390 035 $a(DE-B1597)541041 035 $a(OCoLC)1135589746 035 $a(DE-B1597)9781618110374 035 $a(Au-PeEL)EBL3110390 035 $a(CaPaEBR)ebr10509015 035 $a(CaONFJC)MIL574356 035 $a(OCoLC)922977990 035 $a(EXLCZ)992550000000061772 100 $a20080505d2009 uy 0 101 0 $aeng 135 $aur|n|---||||| 181 $ctxt 182 $cc 183 $acr 200 12$aA roadmap to the heavens$b[electronic resource] $ean anthropological study of hegemony among priests, sages, and laymen /$fSigalit Ben-Zion 210 $aBoston $cAcademic Studies Press$d2009 215 $a1 online resource (364 p.) 225 1 $aJudaism and Jewish life 300 $aDescription based upon print version of record. 311 $a1-934843-14-8 320 $aIncludes bibliographical references and indexes. 327 $tFrontmatter -- $tCONTENTS -- $tFOREWORD -- $tACKNOWLEDGMENTS -- $tCHAPTER ONE. Introduction and methodological considerations -- $tCHAPTER TWO. Mapping the social identity "Priests" -- $tCHAPTER THREE. Mapping the social identity "Sages" -- $tCHAPTER FOUR. The relationship between the Haverim and 'Am ha'aretz -- $tCHAPTER FIVE. The self-awareness of the Sages as constituters of the counter-hegemony -- $tCHAPTER SIX. Exchange of ruling elites or the constitution of counter-hegemony? -- $tSUMMARY AND CONCLUSIONS -- $tAFTERWORD -- $tGLOSSARY OF HEBREW TERMS -- $tTRANSLATION OF PRIMARY SOURCES -- $tBIBLIOGRAPHY -- $tINDEX OF REFERENCES -- $tINDEX OF CONCEPTS -- $tINDEX OF NAMES 330 $aA Roadmap to the Heavens challenges readers to rethink prevailing ideas about the social map of Jewish society during the Tannaitic period (70 C.E. - 220 C.E.). New insights were made possible by applying anthropological theories and conceptual tools. In addition, social phenomena were better understood by comparing them to similar social phenomena in other cultures regardless of time and space. The book explores the rich and complex relationships between the Sages, Priests, and laymen who competed for hegemony in social, cultural, and political arenas. The struggle was not simply a case of attempting to displace the priestly elite by a new scholarly elite. Rather, in the process of constituting a counter-hegemony, the attitude of the Sages towards the Priests entailed ambivalent psychological mechanisms, such as attraction - rejection, imitation - denial, and cooperation - confrontation. The book further reveals that to achieve political and social power the Sages used the established hegemonic priestly discourse to undermine the existing social structure. The innovative discovery of this monograph is that while the Sages professed a new social order based on intellectual achievement, they retained elements of the old order, such as family attribution, group nepotism, endogamy, ritual purity and impurity, and secret knowledge. Thus, social mobility based on education was available only to privileged social classes. The conclusion of the book is that even though the Sages resisted the priestly hegemony and attempted to disengage from it, they could not free themselves from the shackles of the priestly discourse and praxis. 410 0$aJudaism and Jewish life. 606 $aCohanim 606 $aTannaim 606 $aJews$xHistory$y70-638 606 $aJews$zPalestine$xHistory 608 $aElectronic books. 615 0$aCohanim. 615 0$aTannaim. 615 0$aJews$xHistory 615 0$aJews$xHistory. 676 $a305.50933 700 $aBen-Zion$b Sigalit$01033770 801 0$bMiAaPQ 801 1$bMiAaPQ 801 2$bMiAaPQ 906 $aBOOK 912 $a9910457484803321 996 $aA roadmap to the heavens$92452485 997 $aUNINA LEADER 04442nam 22010574a 450 001 9910780445203321 005 20200520144314.0 010 $a0-520-93048-7 010 $a1-59734-516-4 024 7 $a10.1525/9780520930483 035 $a(CKB)111090529079622 035 $a(EBL)222995 035 $a(OCoLC)475926877 035 $a(SSID)ssj0000115952 035 $a(PQKBManifestationID)11143671 035 $a(PQKBTitleCode)TC0000115952 035 $a(PQKBWorkID)10027157 035 $a(PQKB)11517082 035 $a(MiAaPQ)EBC222995 035 $a(DE-B1597)519344 035 $a(OCoLC)55530338 035 $a(DE-B1597)9780520930483 035 $a(Au-PeEL)EBL222995 035 $a(CaPaEBR)ebr10057124 035 $a(dli)HEB08032 035 $a(MiU)MIU01000000000000009620491 035 $a(EXLCZ)99111090529079622 100 $a20030227d2003 uy 0 101 0 $aeng 135 $aur||#|||||||| 181 $ctxt 182 $cc 183 $acr 200 10$aBun?uel and Mexico$b[electronic resource] $ethe crisis of national cinema /$fErnesto R. Acevedo-Mun?oz 210 $aBerkeley $cUniversity of California Press$dc2003 215 $a1 online resource (216 p.) 300 $aDescription based upon print version of record. 311 $a0-520-23952-0 320 $aIncludes bibliographical references (p. 177-185) and index. 327 $tFront matter --$tContents --$tFigures --$tAcknowledgments --$tIntroduction --$t1. Mexican Cinema in the Time of Luis Buñuel --$t2. Buñuel and Mexico --$t3. Los Olvidados and the Crisis of Mexican Cinema --$t4. Genre,Women, Narrative --$t5. On the Road --$t6. Masculinity and Class Conflict --$tConclusion. From Buñuel to "Nuevo Cine" --$tFilmography of Luis Buñuel --$tNotes --$tBibliography --$tIndex 330 $aThough Luis Buñuel, one of the most important filmmakers of the twentieth century, spent his most productive years as a director in Mexico, film histories and criticism invariably pay little attention to his work during this period. The only book-length English-language study of Buñuel's Mexican films, this book is the first to explore a significant but neglected area of this filmmaker's distinguished career and thus to fill a gap in our appreciation and understanding of both Buñuel's achievement and the history of Mexican film. Ernesto Acevedo-Muñoz considers Buñuel's Mexican films-made between 1947 and 1965-within the context of a national and nationalist film industry, comparing the filmmaker's employment of styles, genres, character types, themes, and techniques to those most characteristic of Mexican cinema. In this study Buñuel's films emerge as a link between the Classical Mexican cinema of the 1930's through the 1950's and the "new" Cinema of the 1960's, flourishing in a time of crisis for the national film industry and introducing some of the stylistic and conceptual changes that would revitalize Mexican cinema. 606 $aMotion pictures$zMexico 610 $aauteur. 610 $abunueliana. 610 $acabaretera. 610 $acinema. 610 $acultural studies. 610 $adirector. 610 $ael. 610 $aensayo de un crimen. 610 $afamily melodrama. 610 $afilm criticism. 610 $afilm genre. 610 $afilm history. 610 $afilm industry. 610 $afilm theory. 610 $afilm. 610 $afilmmaking. 610 $agran casino. 610 $ahispanic studies. 610 $ahispanic. 610 $alatin america. 610 $alatino. 610 $alos olvidados. 610 $aluis bunuel. 610 $amexican cinema. 610 $amexican film. 610 $amexican history. 610 $amexico. 610 $anational identity. 610 $anationalism. 610 $aperformance. 610 $aperforming arts. 610 $apolitical film. 610 $apolitics. 610 $asatire. 610 $asocial commentary. 610 $asubida al cielo. 610 $asurrealism. 610 $asusana. 610 $auna mujer sin amor. 615 0$aMotion pictures 676 $a791.43/0233/092 700 $aAcevedo-Mun?oz$b Ernesto R.$f1968-$0799687 801 0$bMiAaPQ 801 1$bMiAaPQ 801 2$bMiAaPQ 906 $aBOOK 912 $a9910780445203321 996 $aBun?uel and Mexico$91800028 997 $aUNINA